000 00321nam a22001337a 4500
008 170206b xxu||||| |||| 00| 0 eng d
020 _a9781437701289
041 _aeng
080 _29ed
_a61
100 _a3
101 _aSHM
245 _aINSURANCE HANDBOOK FOR THE MEDICAL OFFICE
_cMARILYN .T FORDNEY
942 _2udc
_cBK
999 _c4685
_d4685